000 00839nam a2200265 i 4500
001 bg
100 1 _aBOCIĄGA, Elżbieta
245 1 0 _aProcesy determinujące przepływ tworzywa w formie wtryskowej i jego efektywność /
_cElżbieta Bociąga.
260 _aCzęstochowa :
_bWydaw. PC,
_c2001.
300 _a153 s. :
_bil. ;
_c24 cm.
490 1 _aMonografie / Politechnika Częstochowska,
_x0860-5017 ;
_vnr 82
500 _aStreszcz. ang., niem.
504 _aBibliogr.
650 9 _aFormy wtryskowe
650 9 _aTermoplasty
_xmechanika
650 9 _aTermoplasty
_xtechnologia
830 0 _aMonografie (Politechnika Częstochowska) ;
_vnr 82
020 _a8371931433
040 _cBPK
041 0 _apl
_bende
080 _a678.02:532
920 _a83-7193-143-3
942 _cKS
008 s pl f |000 0 pol
999 _c42151
_d42151
856 _uhttp://koha.tu.koszalin.pl/cgi-bin/koha/opac-detail.pl?biblionumber=42151
_yKatalog online BPK